000 00885nam a2200217 4500
001 167143
003 ES-MaACL
005 20230906213452.0
008 950504s1890 sp a |||| | spa d
040 _aEUS
_bspa
_cEUS
100 1 _aVelasco del Real, Octavio.
_9133594
245 1 0 _aDe Roma a Jerusalén
_b: viaje á Siria y Palestina /
_cOctavio Velasco del Real ; obra ilustrada con profusión de grabados originales de distinguidos artistas.
260 _aBarcelona :
_bEstablecimiento tipolitográfico editorial de Ramón Molinas,
_c[s.a.]
300 _a435 p.: il. ;
_c24 cm.
490 1 _aBiblioteca de "La Ilustración Ibérica"
596 _aSegún Palau XXVI, 357298 impreso hacia 1890.
700 1 _aMolinas, Ramón.
_9130031
830 0 _aBiblioteca de "La Ilustración Ibérica"
_9187640
852 _aES-MaACL
_jG-14983
_z-- Enc. tela grab.
999 _c167143
_d167143